Medical dosage calculations : (رقم التسجيلة. 21562)

تفاصيل مارك
000 -الفاتح
حقل البيانات ثابتة الطول 02035cam a2200421 a 4500
001 - رقم الضبط
رقم الضبط 685111225
003 - محدد رقم الضبط
رقم الضبط OCoLC
005 - وقت وتاريخ اخر تعامل مع التسجيلة
رقم الضبط 20150408114015.0
008 - عناصر البيانات ثابتة الطول - معلومات عامة
حقل البيانات ثابتة الطول 101117s2012 maua b 001 0 eng
010 ## - رقم ضبط مكتبة الكونجرس
رقم ضبط مكتبة الكونجرس 2010049114
020 ## - الرقم الدولى المعيارى للكتب
الرقم الدولى المعيارى للكتاب 9780132156615 (pbk. : alk. paper)
020 ## - الرقم الدولى المعيارى للكتب
الرقم الدولى المعيارى للكتاب 013215661X (pbk : alk. paper)
020 ## - الرقم الدولى المعيارى للكتب
الرقم الدولى المعيارى للكتاب 9780132549417 (pbk.)
020 ## - الرقم الدولى المعيارى للكتب
الرقم الدولى المعيارى للكتاب 0132549417 (pbk.)
035 ## - رقم ضبط النظام
رقم ضبط النظام (OCoLC)685111225
رقم الضبط الملغى والمتاح (OCoLC)709838793
040 ## - مصدر الفهرسة
وكالة الفهرسة الأصلية DNLM/DLC
وكالة النسخ DLC
وكالة التعديل YDX
-- NLM
-- YDXCP
-- CDX
-- EQO
-- VET
042 ## - رمز التحقق
رمز التحقق pcc
050 00 - رقم طلب مكتبة الكونجرس
رقم التصنيف RS57
رقم المادة .M425 2012
060 10 - رقم الطلب بالمكتبة الطبية الوطنية
رقم التصنيف QV 748
060 14 - رقم الطلب بالمكتبة الطبية الوطنية
رقم التصنيف QV 748
رقم المادة O52 2012
082 00 - رقم تصنيف ديوى العشرى
رقم التصنيف 615.14
رقم الطبعة 22
100 1# - المدخل الرئيسى - إسم شخصى
الإسم الشخصى Olsen, June Looby.
9 (RLIN) 11494
245 10 - بيان العنوان
العنوان Medical dosage calculations :
بقية العنوان a dimensional analysis approach /
بيان المسئوليه,etc June L. Olsen, Anthony Patrick Giangrasso, Dolores M. Shrimpton.
250 ## - بيان الطبعة
بيان الطبعة 10th ed.
260 ## - PUBLICATION, DISTRIBUTION, ETC. (IMPRINT)
مكان الناشر او الموزع Boston :
اسم الناشر او الموزع Pearson,
تاريخ النشر أو التوزيع c2012.
300 ## - الوصف المادى
التعداد xiv, 386 p. :
تفاصيل ماديه اخرى للوعاء col. ill. ;
أبعاد الوعاء 28 cm.
500 ## - تبصرة عامة
تبصرة عامة Rev. ed. of: Medical dosage calculations / June L. Olsen ... [et al.]. 9th ed. c2008.
504 ## - تبصرة ببليوجرافية
تبصرة ببليوجرافية,الخ Includes bibliographical references and index.
505 0# - تبصرة محتويات-الفهرس
تبصرة المحتويات المصاغة Review of arithmetic for medical dosage calculations -- Safe and accurate drug administration -- Dimensional analysis -- The household and metric systems -- Converting from one system of measurement to another -- Oral medication doses -- Syringes -- Preparation of solutions -- Parenteral medications -- Flow rates and durations of enteral and intravenous infusions -- Calculating flow rates for intravenous medications -- Calculating pediatric dosages.
650 #0 - المدخل الاضافى بالموضوع-مصطلح موضوعى
مصطلح موضوعي أو اسم جغرافي كعنصر مدخل Pharmaceutical arithmetic.
9 (RLIN) 11495
650 #0 - المدخل الاضافى بالموضوع-مصطلح موضوعى
مصطلح موضوعي أو اسم جغرافي كعنصر مدخل Pharmaceutical arithmetic
التقسيم الفرعي الشكلي Problems, exercises, etc.
9 (RLIN) 11496
650 12 - المدخل الاضافى بالموضوع-مصطلح موضوعى
مصطلح موضوعي أو اسم جغرافي كعنصر مدخل Drug Dosage Calculations
التقسيم الفرعي الشكلي Nurses' Instruction.
9 (RLIN) 11497
650 22 - المدخل الاضافى بالموضوع-مصطلح موضوعى
مصطلح موضوعي أو اسم جغرافي كعنصر مدخل Pharmaceutical Preparations
التقسيم الفرعي العام administration & dosage
التقسيم الفرعي الشكلي Nurses' Instruction.
9 (RLIN) 10856
700 1# - المدخل الاضافى - اسم شخصى
الإسم الشخصى Giangrasso, Anthony Patrick.
9 (RLIN) 11498
700 1# - المدخل الاضافى - اسم شخصى
الإسم الشخصى Shrimpton, Dolores M.
9 (RLIN) 11499
730 0# - المدخل الاضافى- عنوان موحد
عنوان موحد Medical dosage calculations.
9 (RLIN) 11500
942 ## - عناصر المدخل الإضافي( كوها)
مصدر التصنيف او مخطط الترفيف Dewey Decimal Classification
Koha [default] item type كتاب
المقتنيات
حالة الفقد نموذج السعر الفعال حالة تلف ليس للاعارة رقم الطلب تاريخ الاكتساب الموقع الحالي الباركود الفرع الرئيسي Total Renewals Date last checked out Date last seen نوع المادة فى نظام كوها مصدر التصنيف او خطة الترفيف Total Checkouts
  2013-03-10     615.14 O J M 2012-04-22 المكتبة المركزية بالمجمعة (CL) 00084306 المكتبة المركزية بالمجمعة (CL)     2013-03-10 كتاب Dewey Decimal Classification  
  2013-03-10     615.14 O J M 2012-04-22 المكتبة المركزية بالمجمعة (CL) 00084307 المكتبة المركزية بالمجمعة (CL)     2013-03-10 كتاب Dewey Decimal Classification  
  2013-03-10     615.14 O J M 2012-04-19 مكتبة كلية العلوم الطبية التطبيقية بالمجمعة - طالبات (AMF) 00084273 مكتبة كلية العلوم الطبية التطبيقية بالمجمعة - طالبات (AMF) 1 2013-09-25 2013-12-30 كتاب Dewey Decimal Classification 1
  2013-03-10     615.14 O J M 2012-04-19 مكتبة كلية العلوم الطبية التطبيقية بالمجمعة - طالبات (AMF) 00084274 مكتبة كلية العلوم الطبية التطبيقية بالمجمعة - طالبات (AMF)     2013-03-10 كتاب Dewey Decimal Classification